<?xml version="1.0" encoding="UTF-8"?>
<record
    xmlns:xsi="http://www.w3.org/2001/XMLSchema-instance"
    xsi:schemaLocation="http://www.loc.gov/MARC21/slim http://www.loc.gov/standards/marcxml/schema/MARC21slim.xsd"
    xmlns="http://www.loc.gov/MARC21/slim">

  <leader>00933 am a22002174a 4500</leader>
  <controlfield tag="008">110328s2010    su     g      000 0 ara d</controlfield>
  <datafield tag="082" ind1="0" ind2="4">
    <subfield code="a">158.1 </subfield>
    <subfield code="2"> 21</subfield>
    <subfield code="b">&#x645; &#x627; &#x643;</subfield>
  </datafield>
  <datafield tag="100" ind1="1" ind2=" ">
    <subfield code="a">&#x645;&#x627;&#x643;&#x62C;&#x631;&#x648;&#x60C; &#x641;&#x64A;&#x644;.</subfield>
    <subfield code="9">33084</subfield>
  </datafield>
  <datafield tag="240" ind1="1" ind2=" ">
    <subfield code="a">Real Life : Preparing for the 7 Most Challenging Days of Your Life </subfield>
    <subfield code="l"> Arabic.</subfield>
  </datafield>
  <datafield tag="245" ind1="1" ind2="0">
    <subfield code="a">&#x62D;&#x64A;&#x627;&#x629; &#x62D;&#x642;&#x64A;&#x642;&#x64A;&#x629; :</subfield>
    <subfield code="b"> &#x627;&#x644;&#x627;&#x633;&#x62A;&#x639;&#x62F;&#x627;&#x62F; &#x644;&#x644;&#x623;&#x64A;&#x627;&#x645; &#x627;&#x644;&#x633;&#x628;&#x639;&#x629; &#x627;&#x644;&#x623;&#x643;&#x62B;&#x631; &#x635;&#x639;&#x648;&#x628;&#x629; &#x641;&#x64A; &#x62D;&#x64A;&#x627;&#x62A;&#x643; /</subfield>
    <subfield code="c"> &#x641;&#x64A;&#x644; &#x645;&#x627;&#x643;&#x62C;&#x631;&#x648; &#x61B; &#x62A;&#x631;&#x62C;&#x645;&#x629;  &#x645;&#x643;&#x62A;&#x628;&#x629; &#x62C;&#x631;&#x64A;&#x631;.</subfield>
  </datafield>
  <datafield tag="250" ind1=" " ind2=" ">
    <subfield code="a">&#x637;. 1.</subfield>
  </datafield>
  <datafield tag="260" ind1=" " ind2=" ">
    <subfield code="a">&#x627;&#x644;&#x631;&#x64A;&#x627;&#x636; :</subfield>
    <subfield code="b"> &#x645;&#x643;&#x62A;&#x628;&#x629; &#x62C;&#x631;&#x64A;&#x631;&#x60C;</subfield>
    <subfield code="c">2010.</subfield>
  </datafield>
  <datafield tag="300" ind1=" " ind2=" ">
    <subfield code="a">314 &#x635;. &#x61B;</subfield>
    <subfield code="c"> 24 &#x633;&#x645;.</subfield>
  </datafield>
  <datafield tag="500" ind1=" " ind2=" ">
    <subfield code="a">&#x64A;&#x634;&#x645;&#x62A;&#x644; &#x639;&#x644;&#x649; &#x645;&#x644;&#x627;&#x62D;&#x642;.</subfield>
  </datafield>
  <datafield tag="504" ind1=" " ind2=" ">
    <subfield code="a">&#x64A;&#x634;&#x62A;&#x645;&#x644; &#x639;&#x644;&#x649; &#x642;&#x648;&#x627;&#x626;&#x645; &#x628;&#x628;&#x644;&#x64A;&#x648;&#x62C;&#x631;&#x627;&#x641;&#x64A;&#x629;.</subfield>
  </datafield>
  <datafield tag="650" ind1="1" ind2="4">
    <subfield code="a">&#x627;&#x644;&#x646;&#x62C;&#x627;&#x62D; &#x627;&#x644;&#x634;&#x62E;&#x635;&#x64A;.</subfield>
    <subfield code="9">23916</subfield>
  </datafield>
  <datafield tag="650" ind1="1" ind2="4">
    <subfield code="a">&#x639;&#x644;&#x645; &#x627;&#x644;&#x646;&#x641;&#x633; &#x627;&#x644;&#x62A;&#x637;&#x628;&#x64A;&#x642;&#x64A;.</subfield>
    <subfield code="9">23919</subfield>
  </datafield>
  <datafield tag="653" ind1=" " ind2=" ">
    <subfield code="b">Ara</subfield>
    <subfield code="c">April2013</subfield>
  </datafield>
  <datafield tag="710" ind1="2" ind2=" ">
    <subfield code="a">&#x645;&#x643;&#x62A;&#x628;&#x629; &#x62C;&#x631;&#x64A;&#x631; </subfield>
    <subfield code="e"> &#x645;&#x62A;&#x631;&#x62C;&#x645;.</subfield>
    <subfield code="9">23926</subfield>
  </datafield>
  <datafield tag="942" ind1=" " ind2=" ">
    <subfield code="2">ddc</subfield>
    <subfield code="c">BB</subfield>
  </datafield>
  <datafield tag="999" ind1=" " ind2=" ">
    <subfield code="c">17434</subfield>
    <subfield code="d">17406</subfield>
  </datafield>
  <datafield tag="952" ind1=" " ind2=" ">
    <subfield code="0">0</subfield>
    <subfield code="1">0</subfield>
    <subfield code="2">ddc</subfield>
    <subfield code="4">0</subfield>
    <subfield code="7">0</subfield>
    <subfield code="8">sorazbk</subfield>
    <subfield code="a">MAIN</subfield>
    <subfield code="b">MAIN</subfield>
    <subfield code="c">LOW</subfield>
    <subfield code="d">2013-04-09</subfield>
    <subfield code="g">15.00</subfield>
    <subfield code="o">158.1  &#x645; &#x627; &#x643;</subfield>
    <subfield code="p">000028679</subfield>
    <subfield code="r">2025-07-15 00:00:00</subfield>
    <subfield code="s">2022-11-23</subfield>
    <subfield code="v">19.00</subfield>
    <subfield code="y">BB</subfield>
  </datafield>
</record>
